| 000 | 00749nam a2200205Ia 4500 | ||
|---|---|---|---|
| 003 | GCL | ||
| 008 | 140319s9999 xx 000 0 ara d | ||
| 040 |
_aGCL / _cGCL |
||
| 082 | 0 | 4 |
_a953 _bع م |
| 100 | 1 | _aعبدالعزيز بن راشد العبيدى | |
| 245 | 1 | 0 |
_aمن معارك المسلمين فى رمضان / _cعبدالعزيز بن راشد العبيدى |
| 260 |
_aالرياض : _bمكتبة العبيكان ، _c1994 |
||
| 300 |
_a101 ص ؛ _c24 سم |
||
| 490 |
_aالهيئة العامة للاستعلامات _v0 |
||
| 650 | 0 | 4 | _aالتاريخ الاسلامى |
| 650 | 0 | 4 | _aالمعارك الحربية |
| 650 | 0 | 4 | _aالمعارك |
| 650 | 0 | 4 | _aالمعارك الحربية الاسلامية |
| 942 |
_2ddc _cBK |
||
| 999 |
_c47781 _d47781 |
||